000 00214 a2200097 4500
001 43678
100 _aHayak
245 _aLanguage in thought and action
260 _aNew York
_bHarcourt
_c
090 _c27473
_d27473
942 _aNUST-CAE
_cM
_c19417
999 _c278751
_d278751